| 000 | 00685 a2200205 4500 | ||
|---|---|---|---|
| 010 | _aENG-90084 | ||
| 020 |
_a8186017674 _c350.00 |
||
| 035 | _aEN-73617 | ||
| 037 | _bDBAD / PUB | ||
| 082 | 1 | 4 | _a365.9545209034 |
| 090 |
_c12283 _d12283 |
||
| 100 | 1 | _aSen, Madhurima | |
| 245 | 1 |
_cby Madhurima Sen _aPrisons in colonial Bengal 1838-1919/ |
|
| 260 |
_aKolkata _bThema _c2007 |
||
| 270 |
_a46, Satish Mukherjee Road, _bKolkata _e700026 |
||
| 300 |
_a186p. _c22 cm. (Hb) |
||
| 500 | _aIncludes bibliographical references & index. | ||
| 942 |
_adpl _cEN _k 365.9545209034 / SEN |
||
| 999 |
_c11929 _d11929 |
||